Antología de la Poesía Chilena Contemporánea (Record no. 26398)

MARC details
000 -LEADER
campo de control de longitud fija 00372nam a2200145Ia 4500
005 - FECHA Y HORA DE LA ÚLTIMA TRANSACCIÓN
campo de control 20251222152555.0
008 - DATOS DE LONGITUD FIJA--INFORMACIÓN GENERAL
campo de control de longitud fija 251222s9999||||xx |||||||||||||| ||spa||
020 ## - NÚMERO INTERNACIONAL ESTÁNDAR DEL LIBRO
Número Internacional Estándar del Libro 9561117657
082 ## - NÚMERO DE LA CLASIFICACIÓN DECIMAL DEWEY
Número de clasificación 868.930.8/C19
100 ## - ENTRADA PRINCIPAL--NOMBRE DE PERSONA
Nombre de persona Calderón, Alfonso
245 #0 - MENCIÓN DEL TÍTULO
Título Antología de la Poesía Chilena Contemporánea
250 ## - MENCION DE EDICION
Mención de edición 4ta.ed.
264 ## - PRODUCCIÓN, PUBLICACIÓN, DISTRIBUCIÓN, FABRICACIÓN Y COPYRIGHT
Nombre del de productor, editor, distribuidor, fabricante Universitaria S.A,
942 ## - ELEMENTOS DE ENTRADA SECUNDARIOS (KOHA)
Tipo de ítem Koha Libros
Holdings
Estatus retirado Estado de pérdida Estado de daño No para préstamo Biblioteca de origen Biblioteca actual Ubicación en estantería Fecha de adquisición Total de préstamos Signatura topográfica completa Código de barras Visto por última vez Precio de reemplazo Tipo de ítem Koha
        Biblioteca Nopoki Biblioteca Nopoki Programa 22/12/2025   868.930.8/C19 0001491 22/12/2025 22/12/2025 Libros